Państwa świata we wszystkich polecanych językach JetPunk - Statystyki

Ogólne statystyki
  • Ten quiz został rozwiązany 1 524 razy
  • Średni wynik to 518 z 1764
Odpowiedzi na mapie
Odpowiedzi zakodowano w zielono-czerwonej skali na mapie do tego quizu, zgodnie z poniższymi procentami.
 
Statystyki odpowiedzi
Państwo % Poprawnych
Polska
87%
Stany Zjednoczone
78%
Etats-Unis
77%
Stati Uniti
77%
United States
77%
Vereinigte Staaten
77%
Yhdysvallat
77%
Poland
72%
Rosja
72%
Canada
71%
Kanada
70%
Niemcy
65%
Chiny
62%
Brazylia
61%
Russia
61%
Rússia
61%
United Kingdom
61%
Francja
60%
Meksyk
60%
Dania
59%
Hiszpania
58%
Australia
57%
Austrália
57%
Brazil
57%
Argentyna
56%
Canada
56%
Canadá
56%
Wielka Brytania
55%
China
54%
Finland
54%
Finnland
54%
France
54%
Germany
54%
Mexico
54%
Portugal
54%
Szwecja
54%
Włochy
54%
Indie
53%
Island
53%
Japón
53%
Japon
53%
Mexico
53%
México
53%
Polonia
53%
Polônia
53%
Ukraina
53%
Chile
52%
Irland
52%
Norwegia
52%
Egipt
51%
Finlandia
51%
Finlândia
51%
Peru
51%
Perú
51%
Perù
51%
Polen
51%
Spain
51%
Turcja
51%
Algieria
50%
Białoruś
50%
Denmark
50%
Irão
50%
Brasil
49%
Colombia
49%
Cuba
49%
Czechy
49%
Irlandia
49%
Japonia
49%
Kuba
49%
Mongolia
49%
Mongólia
49%
Portugali
49%
Republika Południowej Afryki
49%
Argentina
48%
Austria
48%
Áustria
48%
Demokratische Republik Kongo
48%
Demokratyczna Republika Konga
48%
Holandia
48%
Irak
48%
Iraq
48%
Islandia
48%
Islândia
48%
Japan
48%
Kazajistán
48%
Kazakhstan
48%
Kazakistan
48%
Kolumbia
48%
Litwa
48%
Madagaskar
48%
Marokko
48%
Maroko
48%
Sweden
48%
Andora
47%
Andorra
47%
Andorre
47%
Boliwia
47%
Democratische Republiek Congo
47%
Estonia
47%
Estônia
47%
India
47%
Índia
47%
Iran
47%
Kasachstan
47%
Kazachstan
47%
Łotwa
47%
Niger
47%
Níger
47%
Nowa Zelandia
47%
Watykan
47%
Arabia Saudyjska
46%
Belgia
46%
Ecuador
46%
Grecja
46%
Indonezja
46%
Irak
46%
Iran
46%
Irán
46%
Italy
46%
Libia
46%
Líbia
46%
Liechtenstein
46%
Monaco
46%
Monako
46%
Nigeria
46%
Nigéria
46%
Omã
46%
Panama
46%
Panamá
46%
Republiek Congo
46%
Rumunia
46%
San Marino
46%
Soedan
46%
Sudan
46%
Sudán
46%
Wenezuela
46%
Dominica
45%
Dominika
45%
Jemen
45%
Kongo
45%
Korea Północna
45%
Korea Południowa
45%
Liechtenstein
45%
Luksemburg
45%
Luxemburg
45%
Mali
45%
Malí
45%
Norway
45%
Pakistan
45%
Pakistán
45%
Słowacja
45%
Urugwaj
45%
Węgry
45%
Afganistán
44%
Afganistan
44%
Afghanistan
44%
Albania
44%
Albânia
44%
Angola
44%
Bulgaria
44%
Bułgaria
44%
Bulgária
44%
Colombia
44%
Colômbia
44%
Czad
44%
Deutschland
44%
Egypt
44%
Ekwador
44%
Izrael
44%
Kongon demokraattinen tasavalta
44%
Kongon tasavalta
44%
Malta
44%
Paragwaj
44%
Republik Kongo
44%
Turkey
44%
Ukraine
44%
Cuba
43%
Dominikana
43%
Filipiny
43%
Guyana
43%
Haiti
43%
Haïti
43%
Haití
43%
Honduras
43%
Kenia
43%
Kenya
43%
Serbia
43%
Somalia
43%
Somália
43%
Surinam
43%
Suriname
43%
Thailand
43%
Wietnam
43%
Bielorrusia
42%
Bosnia and Herzegovina
42%
Bosnia ed Erzegovina
42%
Bósnia e Herzegovina
42%
Bośnia i Hercegowina
42%
Bosnia ja Hertsegovina
42%
Bosnia y Herzegovina
42%
Cypr
42%
Etiopía
42%
Etiopia
42%
Etiópia
42%
Fiji
42%
Gujana
42%
Italia
42%
Itália
42%
Laos
42%
Oman
42%
Omán
42%
Słowenia
42%
Sri Lanka
42%
Szwajcaria
42%
Uzbekistan
42%
Uzbekistán
42%
Zambia
42%
Zâmbia
42%
Zjednoczone Emiraty Arabskie
42%
Armenia
41%
Armênia
41%
Bahamy
41%
Belarus
41%
Bielorrússia
41%
Bielorussia
41%
Biélorussie
41%
Chorwacja
41%
Czech Republic
41%
Fidżi
41%
Fidži
41%
Ghana
41%
Gruzja
41%
Guatemala
41%
Gwinea
41%
Jamaica
41%
Katar
41%
Kyrgyzstan
41%
Macedonia del Norte
41%
Macedonia del Nord
41%
Macedónia do Norte
41%
Macedonia Północna
41%
Mauritania
41%
Mjanma
41%
North Macedonia
41%
Papua-Nowa Gwinea
41%
Qatar
41%
South Korea
41%
Syria
41%
Tanzania
41%
Túnez
41%
Turkmenistan
41%
Turkmenistán
41%
Turkménistan
41%
Weißrussland
41%
Zimbábue
41%
Zimbabwe
41%
Azerbejdżan
40%
Belize
40%
Gwatemala
40%
Indonesia
40%
Indonésia
40%
Jamajka
40%
Jordan
40%
Kirghizistan
40%
Kirgisia
40%
Kirgisistan
40%
Kirgistan
40%
Kirgizië
40%
Kirguistán
40%
Kiribati
40%
Kostaryka
40%
Mauretania
40%
Mołdawia
40%
Namibia
40%
Namíbia
40%
Nicaragua
40%
North Korea
40%
Portugalia
40%
Tadżykistan
40%
Tajlandia
40%
Tanzania
40%
Tanzânia
40%
Togo
40%
Vatican
40%
Vatican City
40%
Barbados
39%
Bhutan
39%
Botsuana
39%
Botswana
39%
Chad
39%
Greece
39%
Hungary
39%
Jordania
39%
Jordânia
39%
Kambodża
39%
Kambodža
39%
Kamerun
39%
Lesotho
39%
Liban
39%
Malediwy
39%
Malezja
39%
Micronesia
39%
Monaco
39%
Mónaco
39%
Mônaco
39%
Mozambik
39%
Nepal
39%
Népal
39%
Nikaragua
39%
Oeganda
39%
Palaos
39%
Palau
39%
Republika Środkowoafrykańska
39%
Romania
39%
Saint Lucia
39%
Santa Lucia
39%
Senegal
39%
Sénégal
39%
Singapur
39%
St. Lucia
39%
Sudan Południowy
39%
Tunezja
39%
Uganda
39%
Vanuatu
39%
Wybrzeże Kości Słoniowej
39%
Antigua and Barbuda
38%
Antigua e Barbuda
38%
Antígua e Barbuda
38%
Antigua en Barbuda
38%
Antigua-et-Barbuda
38%
Antigua i Barbuda
38%
Antigua ja Barbuda
38%
Antigua und Barbuda
38%
Antigua y Barbuda
38%
Bahrajn
38%
Benim
38%
Benin
38%
Benín
38%
Bénin
38%
Bhutan
38%
Bolivia
38%
Bolívia
38%
Dominica
38%
Eswatini
38%
Gambia
38%
Gâmbia
38%
Iceland
38%
Iraq
38%
Islas Salomón
38%
Kamerun
38%
Kosowo
38%
Mikronezja
38%
Nauru
38%
Salomon
38%
Salwador
38%
Saudi Arabia
38%
Saudi-Arabia
38%
Seszele
38%
Slovakia
38%
Tonga
38%
Vanuatu
38%
Venezuela
38%
Bangladés
37%
Belgium
37%
Burkina Faso
37%
Czarnogóra
37%
Equador
37%
Erytrea
37%
Gabon
37%
Gabón
37%
Ireland
37%
Kuwejt
37%
Liberia
37%
Libéria
37%
Liechtenstein
37%
Netherlands
37%
Paraguay
37%
Republika Zielonego Przylądka
37%
Rwanda
37%
Saint-Christophe- et-Niévès
37%
Saint Kitts and Nevis
37%
Saint Kitts e Nevis
37%
Saint Kitts en Nevis
37%
Saint Kitts i Nevis
37%
Saint Kitts ja Nevis
37%
Saint Vincent and the Grenadines
37%
Saint Vincent e Grenadine
37%
Saint Vincent en de Grenadines
37%
Saint-Vincent-et-les- Grenadines
37%
Saint Vincent i Grenadyny
37%
Saint Vincent ja Grenadiinit
37%
Samoa
37%
South Africa
37%
St. Kitts und Nevis
37%
St. Vincent und die Grenadinen
37%
Trynidad i Tobago
37%
Tuvalu
37%
Uruguay
37%
Brunei
36%
Brunéi
36%
Burkina Faso
36%
Cyprus
36%
Democratic Republic of the Congo
36%
Eswatini
36%
Gwinea Bissau
36%
Gwinea Równikowa
36%
Israel
36%
Israël
36%
Latvia
36%
Madagascar
36%
Madagáscar
36%
Mauritius
36%
South Sudan
36%
Swasiland
36%
Swaziland
36%
Taiwan
36%
Venezuela
36%
Algeria
35%
Birma
35%
Burundi
35%
Catar
35%
Costa Rica
35%
Cyprus
35%
Djibouti
35%
Dominican Republic
35%
Granada
35%
Grenada
35%
Komory
35%
Lithuania
35%
Malaui
35%
Malawi
35%
Mauritius
35%
New Zealand
35%
Repubblica del Congo
35%
Repubblica Democratica del Congo
35%
República del Congo
35%
República Democrática del Congo
35%
República Democrática do Congo
35%
República do Congo
35%
Republic of the Congo
35%
République démocratique du Congo
35%
République du Congo
35%
Sierra Leone
35%
Slovenia
35%
Suazilandia
35%
Swazimaa
35%
Tajwan
35%
Vietname
35%
Bahama
34%
Costa Rica
34%
Croatia
34%
Dżibuti
34%
El Salvador
34%
Îles Marshall
34%
Isole Marshall
34%
Kroatia
34%
Luxembourg
34%
Luxemburg
34%
Malawi
34%
Moldávia
34%
Myanmar
34%
Papua New Guinea
34%
Paraguay
34%
Salvador
34%
Sierra Leone
34%
Tunisia
34%
Wyspy Świętego Tomasza i Książeca
34%
Bahamas
33%
Bangladesz
33%
Figi
33%
Fiji
33%
Georgia
33%
Geórgia
33%
Guiné
33%
Guyana
33%
Ilhas Marshall
33%
Kosovo
33%
Philippines
33%
Qatar
33%
Switzerland
33%
Vietnam
33%
Viêt Nam
33%
Wyspy Marshalla
33%
Yemen
33%
Yémen
33%
Fiji
32%
Guinée
32%
Montenegro
32%
Monténégro
32%
Thailand
32%
Thaïlande
32%
Uruguay
32%
Bahama's
31%
Bahamas
31%
Colombia
31%
España
31%
Guatemala
31%
Guinea
31%
Jamaica
31%
Kenya
31%
Libya
31%
Moldavie
31%
Mozambique
31%
Nicaragua
31%
Nicarágua
31%
Guyana
30%
Mozambique
30%
Timor Wschodni
30%
Wyspy Salomona
30%
Bahrain
29%
Bahrein
29%
Brasilia
29%
Estados Federados de Micronesia
29%
Estados Federados da Micronésia
29%
Federated States of Micronesia
29%
Guinea-Bissau
29%
Guinée-Bissau
29%
Moldova
29%
Morocco
29%
Singapore
29%
Stati Federati di Micronesia
29%
Uruguay
29%
Azerbaijan
28%
Cambodia
28%
Ecuador
28%
Ethiopia
28%
Guinea-Bissau
28%
Taiwan
28%
Trinité-et-Tobago
28%
Tunisia
28%
Tunísia
28%
Azerbaïdjan
27%
Azerbaiyán
27%
Bangladesh
27%
Cameroon
27%
Dominicaanse Republiek
27%
Eritrea
27%
Ivory Coast
27%
Myanmar
27%
Papua-Uusi-Guinea
27%
Pologne
27%
República Dominicana
27%
Tadjikistan
27%
Taiwan
27%
Taiwán
27%
Taïwan
27%
United Arab Emirates
27%
Djibouti
26%
Kuweit
26%
Österreich
26%
Suriname
26%
Tadzjikistan
26%
Tajikistan
26%
Trinidad e Tobago
26%
Trinidad und Tobago
26%
Andorra
25%
Birmânia
25%
Birmanie
25%
Comores
25%
Comoros
25%
Djibouti
25%
East Timor
25%
Lebanon
25%
Singapore
25%
Tagikistan
25%
Trinidad and Tobago
25%
Trinidad en Tobago
25%
Trinidad e Tobago
25%
Trinidad ja Tobago
25%
Trinidad y Tobago
25%
Azerbeidzjan
24%
Birmania
24%
Malaysia
24%
Maldive
24%
Maroc
24%
Papua-Neuguinea
24%
Tayikistán
24%
Maldives
23%
Papoea-Nieuw-Guinea
23%
Papouasie-Nouvelle- Guinée
23%
Papua Nova Guiné
23%
Papua Nueva Guinea
23%
Seychelles
23%
Cape Verde
22%
Central African Republic
22%
Kuwait
22%
São Tomé and Príncipe
22%
Sao Tomé en Principe
22%
Sao Tome e Principe
22%
São Tomé e Príncipe
22%
Sao Tomé-et-Principe
22%
São Tomé ja Príncipe
22%
São Tomé und Príncipe
22%
Seychelles
22%
El Salvador
21%
Equatorial Guinea
21%
Russland
21%
Suomi
21%
Afghanistan
20%
Comoros
20%
Marocco
20%
Marshall Islands
20%
Australië
19%
Australie
19%
Djibouti
19%
Espanja
19%
Italië
19%
Italie
19%
Seychelles
19%
Azerbaijan
18%
Solomon Islands
18%
Alemania
17%
Centraal-Afrikaanse Republiek
17%
Chine
17%
Ciudad del Vaticano
17%
Frankreich
17%
België
16%
Brazilië
16%
Città del Vaticano
16%
Francia
16%
Rusia
16%
Vaticano
16%
Albanië
15%
Albanie
15%
Algérie
15%
Algerije
15%
Dänemark
15%
Ruanda
15%
Schweiz
15%
Germania
14%
Mongolei
14%
Mongolië
14%
Mongolie
14%
Spanje
14%
Syrië
14%
Syrie
14%
Argentine
13%
Armenië
13%
Arménie
13%
Bulgarie
13%
Bulgarije
13%
Camerún
13%
Camerun
13%
Malesia
13%
Oost-Timor
13%
Osttimor
13%
Serbie
13%
Somalië
13%
Somalie
13%
Australien
12%
Bolivie
12%
Cabo Verde
12%
Cap-Vert
12%
Chili
12%
Côte d'Ivoire
12%
Italien
12%
Itä-Timor
12%
Nederland
12%
Siria
12%
Síria
12%
Spanien
12%
Timor-Leste
12%
Timor oriental
12%
Albanien
11%
Allemagne
11%
Bosnië en Herzegovina
11%
Bosnie-Herzégovine
11%
Chade
11%
Comoras
11%
Egypte
11%
Estados Unidos
11%
Estonie
11%
Ethiopië
11%
Guinee-Bissau
11%
Indien
11%
Indonesië
11%
Indonésie
11%
Jordanië
11%
Jordanie
11%
Mauritania
11%
Mauritânia
11%
Moldavia
11%
Noord-Korea
11%
Zuid-Korea
11%
Brasilien
10%
Bután
10%
Croatie
10%
Danemark
10%
Filipinas
10%
Grèce
10%
Grecia
10%
Grécia
10%
Koeweit
10%
Litauen
10%
Mauritanië
10%
Mauritanie
10%
Namibië
10%
Namibie
10%
Niederlande
10%
Nordkorea
10%
Russie
10%
Saoedi-Arabië
10%
Südkorea
10%
Südsudan
10%
Sud Sudan
10%
Tansania
10%
Turkije
10%
Zuid-Soedan
10%
Algerien
9%
Argentinië
9%
Belgien
9%
Bulgarien
9%
Comores
9%
Elfenbeinküste
9%
França
9%
Georgië
9%
Géorgie
9%
Hungría
9%
Kroatië
9%
Libië
9%
Liettua
9%
Slovenië
9%
Slovénie
9%
Slowakije
9%
Tanzanie
9%
Vereinigtes Königreich
9%
Zambie
9%
Argentinien
8%
Armenien
8%
Belgique
8%
Bolivien
8%
Bosnien und Herzegowina
8%
Costa d'Avorio
8%
Costa de Marfil
8%
Costa do Marfim
8%
Égypte
8%
Griechenland
8%
Guiana
8%
Guiné-Bissau
8%
Ivoorkust
8%
Kroatien
8%
Líbano
8%
Libano
8%
Norsunluurannikko
8%
Nueva Zelanda
8%
Saudi-Arabien
8%
Serbien
8%
Suisse
8%
Syrien
8%
Tschechien
8%
Verenigde Staten
8%
Ägypten
7%
Brasile
7%
Colombie
7%
Egipto
7%
Espagne
7%
Éthiopie
7%
Gana
7%
Granada
7%
Guinee
7%
Indonesien
7%
Jamaika
7%
Jordanien
7%
Libye
7%
Lituanie
7%
Malte
7%
Mexiko
7%
Micronésie
7%
Nieuw-Zeeland
7%
Noord-Macedonië
7%
Noorwegen
7%
Nova Zelândia
7%
Rusland
7%
Schweden
7%
Singapour
7%
Sudáfrica
7%
Sudafrica
7%
Südafrika
7%
Thailandia
7%
Tschad
7%
Tunesië
7%
Tunisie
7%
Türkei
7%
Vatikanstadt
7%
Zuid-Afrika
7%
Arabia Saudita
6%
Camboja
6%
Comoren
6%
Dinamarca
6%
Dominique
6%
Egypti
6%
Estland
6%
Fidji
6%
Finlande
6%
Föderierte Staaten von Mikronesien
6%
Gambie
6%
Georgien
6%
Grenade
6%
Inde
6%
Iraque
6%
Irlanda
6%
Irlande
6%
Kazakstan
6%
Kolumbien
6%
Lesoto
6%
Malasia
6%
Malásia
6%
Maldiven
6%
Mauretanien
6%
Meksiko
6%
Mikronesia
6%
Moldavië
6%
Norwegen
6%
Pays-Bas
6%
Puola
6%
Reino Unido
6%
Rumänien
6%
Suecia
6%
Suécia
6%
Tchad
6%
Ucraina
6%
Ungarn
6%
Usbekistan
6%
Aserbaidschan
5%
Bahrein
5%
Bahreïn
5%
Bangladesch
5%
Bélgica
5%
Brésil
5%
Cambodja
5%
Cameroun
5%
Capo Verde
5%
Cile
5%
Cina
5%
Fidschi
5%
Filipinas
5%
Griekenland
5%
Islande
5%
Japani
5%
Komoren
5%
Lettland
5%
Libanon
5%
Libyen
5%
Lituania
5%
Lituânia
5%
Mexique
5%
Moldawien
5%
Mosambik
5%
Neuseeland
5%
Noruega
5%
Norvegia
5%
Países Bajos
5%
Pohjois-Makedonia
5%
Repubblica Ceca
5%
República Centroafricana
5%
República Centro-Africana
5%
République Centrafricaine
5%
Sambia
5%
Santa Lucía
5%
Santa Lúcia
5%
Simbabwe
5%
Slowakei
5%
Slowenien
5%
Spagna
5%
Suède
5%
Tailandia
5%
Tailândia
5%
Tunesien
5%
Ucrania
5%
Ucrânia
5%
Viro
5%
Zimbabue
5%
Zypern
5%
Arabia Saudita
4%
Arábia Saudita
4%
Arabie Saoudite
4%
Argelia
4%
Argélia
4%
Äthiopien
4%
Autriche
4%
Azerbaidžan
4%
Barbade
4%
Baréin
4%
Belgio
4%
Belice
4%
Chipre
4%
Cipro
4%
Corea del Norte
4%
Corea del Sur
4%
Croacia
4%
Croácia
4%
Danimarca
4%
Dominikanische Republik
4%
Dschibuti
4%
Egitto
4%
Emiratos Árabes Unidos
4%
Émirats arabes unis
4%
Équateur
4%
Eslovaquia
4%
Eslováquia
4%
Eslovenia
4%
Eslovénia
4%
Essuatíni
4%
Filipijnen
4%
Gabun
4%
Hungria
4%
Iémen
4%
Islanda
4%
Isole Salomone
4%
Kambodscha
4%
Kap Verde
4%
Letonia
4%
Letónia
4%
Lussemburgo
4%
Luxemburgo
4%
Malaisie
4%
Malediven
4%
Marruecos
4%
Messico
4%
Nordmazedonien
4%
Norvège
4%
Países Baixos
4%
Paraguai
4%
Pérou
4%
Philippinen
4%
Reino Unido
4%
Repubblica Dominicana
4%
República Checa
4%
República Dominicana
4%
République tchèque
4%
Royaume-Uni
4%
Rumania
4%
Sainte-Lucie
4%
Saint-Marin
4%
Seychellen
4%
Sierra Leona
4%
Soudan
4%
Sudán del Sur
4%
Suiza
4%
Tadschikistan
4%
Timor Est
4%
Turquía
4%
Turquia
4%
Turquie
4%
Uruguai
4%
Vereinigte Arabische Emirate
4%
Zentralafrikanische Republik
4%
Afeganistão
3%
África do Sul
3%
Afrique du Sud
3%
Alankomaat
3%
Alemanha
3%
Äquatorial-Guinea
3%
Argentiina
3%
Azerbaijão
3%
Bhoutan
3%
Butão
3%
Camarões
3%
Cambodge
3%
Cambogia
3%
Camboya
3%
Cazaquistão
3%
Chypre
3%
Ciad
3%
Corea del Nord
3%
Corea del Sud
3%
Corée du Nord
3%
Corée du Sud
3%
Croazia
3%
Denemarken
3%
Duitsland
3%
Egito
3%
Emirados Árabes Unidos
3%
Emirati Arabi Uniti
3%
Eritreia
3%
Érythrée
3%
Espanha
3%
Etelä-Afrikka
3%
Filippiinit
3%
Filippine
3%
Fiyi
3%
Frankrijk
3%
Gabão
3%
Giamaica
3%
Giappone
3%
Gibuti
3%
Giordania
3%
Guinea Ecuatorial
3%
Guinée équatoriale
3%
Guiné Equatorial
3%
Hongrie
3%
Ierland
3%
IJsland
3%
Île Maurice
3%
Intia
3%
Irlanti
3%
Islanti
3%
Islas Marshall
3%
Israele
3%
Itävalta
3%
Jamaïque
3%
Japão
3%
Kap Verde
3%
Kiina
3%
Kreikka
3%
Kypros
3%
Letland
3%
Lettonia
3%
Lettonie
3%
Macédoine du Nord
3%
Maldivas
3%
Marshallinseln
3%
Maurícia
3%
Mauricio
3%
Moçambique
3%
Mozambico
3%
Norja
3%
Nouvelle-Zélande
3%
Nuova Zelanda
3%
Oostenrijk
3%
Ouganda
3%
Ouzbékistan
3%
Paesi Bassi
3%
Palaos
3%
Pohjois-Korea
3%
Portogallo
3%
Quênia
3%
Ranska
3%
Regno Unito
3%
République dominicaine
3%
Romênia
3%
Roumanie
3%
Ruotsi
3%
Saksa
3%
Salomonen
3%
San Cristóbal y Nieves
3%
San Vicente y las Granadinas
3%
São Vicente e Granadinas
3%
Sérvia
3%
Slovacchia
3%
Slovaquie
3%
Soudan du Sud
3%
Sudão
3%
Svezia
3%
Svizzera
3%
Tanska
3%
Timor Oriental
3%
Tšad
3%
Tšekki
3%
Tsjaad
3%
Tsjechië
3%
Turchia
3%
Valko-Venäjä
3%
Vaticaanstad
3%
Venäjä
3%
Verenigde Arabische Emiraten
3%
Verenigd Koninkrijk
3%
Yibuti
3%
Coreia do Norte
2%
Coreia do Sul
2%
Dominikaaninen tasavalta
2%
Equatoriaal-Guinea
2%
Etelä-Korea
2%
Etelä-Sudan
2%
Guinea Equatoriale
2%
Hongarije
2%
Ilhas Salomão
2%
Kaapverdië
2%
Kameroen
2%
Keski-Afrikan tasavalta
2%
Komorit
2%
Koweït
2%
Kuuba
2%
Litouwen
2%
Malediivit
2%
Maleisië
2%
Marrocos
2%
Marshalleilanden
2%
Marshallinsaaret
2%
Oekraïne
2%
Oezbekistan
2%
Päiväntasaajan Guinea
2%
Papua Nuova Guinea
2%
Paquistão
2%
Quirguistão
2%
Repubblica Centrafricana
2%
Roemenië
2%
Salomonsaaret
2%
Salomonseilanden
2%
Santo Tomé y Príncipe
2%
São Cristóvão e Nevis
2%
Serra Leoa
2%
Servië
2%
Seychellit
2%
Singapura
2%
Sudão do Sul
2%
Suíça
2%
Sveitsi
2%
Syyria
2%
Tadžikistan
2%
Tajiquistão
2%
Thaimaa
2%
Turkki
2%
Turquemenistão
2%
Ungheria
2%
Unkari
2%
Uusi-Seelanti
2%
Uzbequistão
2%
Vatikaanivaltio
2%
Yhdistyneet arabiemiirikunnat
2%
Yhdistynyt kuningaskunta
2%
Zweden
2%
Zwitserland
2%
Nie znaleziono quizów pasujących do podanych kryteriów
Rozkład punktacji
Procent ludzi z każdym wynikiem
Percentyl według liczby udzielonych odpowiedzi
Twoja historia wyników
Nie rozwiązałeś tego quizu